000 00485nam a2200181Ia 4500
003 GCL
008 140319s9999 xx 000 0 eng d
040 _aGCL /
_cGCL
082 0 4 _a620.11
_bW F
100 1 _aWATSON, KEITH L.
245 1 0 _aFOUNDATION SCIENCE FOR ENGINEERS /
_cWATSON, KEITH L.
260 _a[S.N] :
_bMACMILLAN PRESS LTD ،
_c1993
300 _a311 P
650 0 4 _aCIVIL ENGINEERING
650 0 4 _aFOUNDATION
650 0 4 _aSTRUCTURAL ENGINEERING
942 _2ddc
_cBK
999 _c21419
_d21419